Vista normal Vista MARC

Entrada Topical Term

Número de registros utilizados en: 2

001 - CONTROL NUMBER

  • control field: 58527

003 - CONTROL NUMBER IDENTIFIER

  • control field: OSt

005 - DATE AND TIME OF LATEST TRANSACTION

  • control field: 20250218145253.0

008 - FIXED-LENGTH DATA ELEMENTS

  • fixed length control field: 250218|| aca||aabn | a|a d

040 ## - CATALOGING SOURCE

  • Original cataloging agency: OSt
  • Transcribing agency: OSt

150 ## - HEADING--TOPICAL TERM

  • Topical term or geographic name entry element: Hora de dormir

670 ## - SOURCE DATA FOUND

  • Source citation: Work cat.: (OSt)56923: Ojeda, Jairo 1948- autor 58524, Son de luna/









Instituto Departamental de Cultura del Meta - Red Departamental de Bibliotecas Públicas del Meta.